| 000 | 00600nmm a2200241 a 4500 | ||
|---|---|---|---|
| 003 | AR-BaBNM | ||
| 005 | 20251128211200.0 | ||
| 008 | 253020s1995 ||||||||||||||000 | spa|| | ||
| 020 | _a0-19-435608-6 | ||
| 040 | _cAR-BaBNM | ||
| 100 | 1 | _aWhitney, Norman | |
| 245 | 1 | 0 |
_aOpen doors _bstudent's book _n2 |
| 260 |
_aOxford _bOxford University Press _c1995 |
||
| 300 |
_a119 p. _bil. |
||
| 650 | 4 | _aINGLES | |
| 650 | 4 | _aENSENANZA DE IDIOMAS | |
| 650 | 4 | _aGRAMATICA | |
| 650 | 4 | _aVOCABULARIO | |
| 650 | 4 | _aPRONUNCIACION | |
| 653 | _aEDUCACION GENERAL BASICA | ||
| 942 | _cBK | ||
| 998 | _craquel | ||
| 999 |
_c18608 _d18608 |
||